Score 0/16 Timer 01:30
9 Plays Today
% Correct
Bugs Bunny
96.8%
Porky Pig
96.6%
Granny
96.6%
Tweety
96.4%
Daffy Duck
96.2%
Road Runner
96.1%
Tasmanian Devil
95.5%
Marvin the Martian
95.3%
% Correct
Wile E. Coyote
94.7%
Speedy Gonzalez
94.7%
Sylvester
94.5%
Yosemite Sam
93.1%
K-9
92.4%
Pepé Le Pew
91.2%
Foghorn Leghorn
90.6%
Henery Hawk
90%

You're not logged in!

Compare scores with friends on all Sporcle quizzes.
OR
Log In

Sporcle TV

Today on Sporcle TV


Watch our educational content, quiz creation guides, and fun videos on Sporcle TV.

Show Comments

Extras

Top Quizzes Today


Score Distribution

Paid Content

Your Account Isn't Verified!

In order to create a playlist on Sporcle, you need to verify the email address you used during registration. Go to your Sporcle Settings to finish the process.

Report this User

Report this user for behavior that violates our Community Guidelines.

Details: